00282nam a2200121Ia 4500008004100000041000800041082001500049100001100064245001900075250001400094260004100108365001100149240624s9999 xx 000 0 und d aeng a336.54 HAJ aHAJELA aPUBLIC FINANCE a(3rd ed.) c2009aNew DelhibAne Books Pvt. Ltd. cRSb32